Świętokrzyskie - prawda czy fałsz? - Statystyki

Ogólne statystyki
  • Ten quiz został rozwiązany 134 razy
  • Średni wynik to 11 z 15
Statystyki odpowiedzi
Zagadnienie Odpowiedź % Poprawnych
Tablica rejestracyjna samochodowa tutaj zaczyna się na literę Ś Fałsz
100%
Znajduje się w nim Radom Fałsz
97%
Znajduje się tutaj Zamek Krzyżtopór Prawda
92%
Znajdują się tu najstarsze góry Europy Prawda
92%
Znajduje się tutaj Dąb Bartek Prawda
90%
Jest województwem śródlądowym Prawda
85%
Znajduje się tutaj Kazimierz Dolny Fałsz
69%
Posiada najmniej powiatów w Polsce Fałsz
67%
Posiada miasto powyżej 200 tysięcy mieszkańców Fałsz
64%
Znajduje się tutaj najmniejsze miasto w Polsce pod względem ludności Prawda
62%
Graniczy z 4 województwami Fałsz
59%
Marszałkiem jest Renata Janik Prawda
59%
Posiada powierzchnię poniżej 10 tyś metrów kwadratowych Fałsz
56%
Posiada wskaźnik urbanizacji poniżej 50% Prawda
56%
Na terenie województwa znajduje się co najmniej 50 miast Prawda
46%
Nie znaleziono quizów pasujących do podanych kryteriów
Rozkład punktacji
Procent ludzi z każdym wynikiem
Percentyl według liczby udzielonych odpowiedzi
Twoja historia wyników
Nie rozwiązałeś tego quizu